000 00407nam a22001697a 4500
005 20160518114228.0
008 160518b xxu||||| |||| 00| 0 eng d
020 _a81-85989-36-2
041 _aeng
082 _b2847
100 _aSinha K.K.
_9450
245 _aBusiness Communication
260 _aNew Delhi
_bGalgotia Publ. Pvt. Ltd.
_c2000
300 _a654
650 _aManagement
_9241
942 _cBK
999 _c1006
_d1006